Muslim travellers : pilgrimage, migration, and the religious imagination /
Other Authors: ,
Format: Book
Language: English
Published:
Berkeley, CA :
University of California Press,
c1990.
Series:
Comparative studies on Muslim societies ;
9.
Subjects:
Tags: Add Tag
Call Number: BP190.5 .T73 M87 1990
| LEADER | 02485namaa2200361 4500 | ||
|---|---|---|---|
| 001 | 11943 | ||
| 003 | OSt | ||
| 005 | 20240801091513.0 | ||
| 008 | 130303s1990 caua b 001 0 eng d | ||
| 952 | |0 0 |1 0 |2 lcc |4 0 |6 BP01905 T73 M87 01990 |7 1 |9 13657 |a ARCE |b ARCE |d 2021-06-02 |l 0 |o BP190.5 .T73 M87 1990 |p 1009883 |r 2021-06-02 00:00:00 |w 2021-06-02 |y BK | ||
| 999 | |c 12219 |d 12219 | ||
| 010 | |a 90202430 | ||
| 020 | |a 0520072529 | ||
| 040 | |c ARCE Library | ||
| 043 | |a a------ |a f------ | ||
| 050 | 4 | |a BP190.5 .T73 M87 1990 | |
| 245 | 0 | 0 | |a Muslim travellers : |b pilgrimage, migration, and the religious imagination / |c edited by Dale F. Eickelman and James Piscatori. |
| 264 | 1 | |a Berkeley, CA : |b University of California Press, |c c1990. | |
| 300 | |a xxii, 281 pages : |b illustrations ; |c 22 cm. | ||
| 336 | |2 rdacontent |a text |b txt | ||
| 337 | |2 rdamedia |a unmediated |b n | ||
| 338 | |2 rdacarrier |a volume |b n | ||
| 490 | 1 | |a Comparative studies on Muslim societies ; |v 9. | |
| 504 | |a Includes bibliographical references (pages 256-263) and index. | ||
| 505 | 0 | |a 1. Social Theory in the Study of Muslim Societies Part I. Doctrines of Travel 2. The Obligation to Emigrate: The Doctrine of Hijra in Islamic Law 3. The Search for Knowledge in Medieval Muslim Societies: A Comparative Approach Part II. Travel Accounts 4. The Ambivalence of Rihla: Community Integration and Self-definition in Moroccan Travel Accounts, 1300-1800 5. The Pilgrimage Remembered: South Asian Accounts of the Hajj Part III. Pilgrims and Migrants 6. Patterns of Muslim Pilgrimage from Malaysia, 1885-1985 7. The Hijra from Russia and the Balkans: The Process of Self-definition in the Late Ottoman State 8. Shifting Centres andm Emergent Identities: Turkey and Germany in the Lives of Turkish Gastarbeiter Part IV. Saints, Scholars and Travel 9. Pedigrees and Paradigms: Scholarly Credentials among the Dyula of the Northern Ivory Coast 10. Between Cairo and the Algerian Kabylia: The Rahmaniyya tariqa, 1715-1800 11. Saints and Shrines, Politics and Culture: A Morocco-Israel Comparison 12. Ziyaret: Gender, Movement and Exchange in a Turkish Community Nancy Tapper Annotated. | |
| 650 | 0 | |a Islamic countries |x Emigration and immigration. | |
| 650 | 0 | |a Muslim pilgrims and pilgrimages. | |
| 650 | 0 | |a Travel |x Religious aspects |x Islam. | |
| 700 | 1 | |a Eickelman, Dale F., |d 1942- |9 29442 | |
| 700 | 1 | |a Piscatori, James P. |9 37694 | |
| 830 | 0 | |a Comparative studies on Muslim societies ; |v 9. | |
| 901 | |a reviewed | ||
| 942 | |c BK |2 lcc | ||
